| 000 | 00573nam a2200181 i 4500 | ||
|---|---|---|---|
| 001 | 168324 | ||
| 003 | ES-MaACL | ||
| 005 | 20250806050954.0 | ||
| 008 | 080312s1869 sp |||| | spa d | ||
| 080 | _a553.7 | ||
| 245 | 0 | 0 |
_aReseña médica de Aguas-Buenas _b: 1869. |
| 260 |
_aTolosa : _b[s.n.], _c1869 ( _fImprenta y litografía Fournier fils) |
||
| 300 |
_a22 p. ; _c17 cm. |
||
| 650 | 7 |
_aAguas minerales _2embne _9135517 |
|
| 852 |
_aES-MaACL _jT-411-F-5 |
||
| 852 |
_aES-MaACL _jT-410-F-8 _z.-Sello de "Los Escolares Médicos" |
||
| 999 |
_c168324 _d168324 |
||